Centroamérica: más allá de la crisis

Сохранить в:
Библиографические подробности
Главный автор: Castillo Rivas, Donald
Формат: Неизвестно
Опубликовано: México D. F.: Ediciones SIAP
Метки: Добавить метку
Нет меток, Требуется 1-ая метка записи!

MARC

LEADER 00000 a2200000 04500
001 15225
003
008 991231s d
040
090 |a EXTRAVIADO  
100 |a Castillo Rivas, Donald  
245 |a Centroamérica: más allá de la crisis  
260 |a México D. F.:   |b Ediciones SIAP  
999 |c 10594  |d 10594